000 00311nam a22001217a 4500
008 180518b xxu||||| |||| 00| 0 eng d
041 _aeng
080 _a043.3
100 _a0
101 _aSHKI-BTH
245 _aOfrimi i shërbimeve të Cloud për kompani të vogla dhe të mesme
_cLimani,V
942 _2udc
_cBK
999 _c45984
_d45984